banner-ar

شاهد على مولد جامعة الدول العربية : الوثائق السرية لدور مصر وسوريا والسعودية / (Record no. 45546)

MARC details
000 -الفاتح
حقل البيانات ثابتة الطول 00667nam a2200193Ia 4500
008 - عناصر البيانات ثابتة الطول - معلومات عامة
حقل البيانات ثابتة الطول 140319s9999 xx 000 0 ara d
040 ## - مصدر الفهرسة
وكالة الفهرسة الأصلية GCL /
وكالة النسخ GCL
082 04 - رقم تصنيف ديوى العشرى
رقم التصنيف 341.241
رقم المادة ج ش
100 1# - المدخل الرئيسى - إسم شخصى
الإسم الشخصى جميل عارف
245 10 - بيان العنوان
العنوان شاهد على مولد جامعة الدول العربية : الوثائق السرية لدور مصر وسوريا والسعودية /
بيان المسئوليه,etc جميل عارف
300 ## - الوصف المادى
التعداد 271 ص
490 ## - بيان السلسلة
عنوان السلسلة
650 04 - المدخل الاضافى بالموضوع-مصطلح موضوعى
مصطلح موضوعي العالم العربى
650 04 - المدخل الاضافى بالموضوع-مصطلح موضوعى
مصطلح موضوعي النزاع العربى الاسرائيلى
650 04 - المدخل الاضافى بالموضوع-مصطلح موضوعى
مصطلح موضوعي القضية الفلسطينية
650 04 - المدخل الاضافى بالموضوع-مصطلح موضوعى
مصطلح موضوعي جامعة الدول العربية
942 ## - عناصر المدخل الإضافي( كوها)
مصدر التصنيف او مخطط الترفيف Dewey Decimal Classification
Koha [default] item type كتاب
Holdings
حالة التراجع حالة الفقد حالة تلف ليس للاعارة المكان المؤقت الموقع الحالى تاريخ الاكتساب اجمالي اﻻعارات رقم الطلب الباركود تاريخ اخر مشاهدة تاريخ تفعيل السعر نوع وعاء كوها
        مكتبة القاهرة الكبرى مكتبة القاهرة الكبرى 03/26/2014   341.241\ج ش 111142 03/26/2014 03/26/2014 كتاب
        مكتبة القاهرة الكبرى مكتبة القاهرة الكبرى 03/26/2014   341.241\ج ش 111143 03/26/2014 03/26/2014 كتاب
        مكتبة القاهرة الكبرى مكتبة القاهرة الكبرى 03/26/2014   341.241\ج ش 111144 03/26/2014 03/26/2014 كتاب

Powered By

EGPV